000 00874nam a2200265Ia 4500
003 OSt
005 20220926024840.0
006 a|||||r|||| 00| 0
007 ta
008 220923b |||||||| |||| 00| 0 eng d
020 _a0198283865
037 _cGeneral Book
040 _aRTL
_cRTL
_beng
041 _2eng
_aeng
082 _aY:5:(B), N2
100 _aTrussell James and others Ed.
_9331560
245 0 _aDemographic applications of event history analysis
260 _aOxford
_bClarendon Press
_c1992
300 _aix,276p
_ccm.
490 _aInternational Union for the Scientific Study of Population Problems, Publication. International Studies in Demography
500 _aBibliography chapterwise
650 _aFamily Planning
_9231810
942 _hY:5:(B), N2
_cGB
_2CC
999 _c645682
_d645682